000 00361nam a2200145Ia 4500
008 240624s9999 xx 000 0 und d
041 _aeng
082 _a333.7201 COX
100 _aCOX ROBERT
245 _aENVIRONMENTAL COMMUNICATION AND THE PUBL
250 _a(2nd ed.)
260 _c2009
_aNew Delhi
_bSage Publications
300 _a400p.
365 _c
_b30
999 _c14215
_d14215